Druhá strana

Bibliographic Details
Main Author: Arnoldová, Marianna, 1953- (Author)
Format: Book
Language:Slovak
PhysicalDescription:77 s. 19 cm
Published: Senica RESSPRINT [2000]
ISBN:8090055923
Subjects:

MARC

LEADER 00000cam a2200000 a 4500
001 vtls001396753
003 SK-MaSNL
005 20260301115949.0
008 220511s2000 xo r 0000p slo
015 |a SNBA2000/11-04050 
020 |a 8090055923 
035 |a SNK000351141 
035 |a urn:nbn:sk:snk-amjcvj 
035 |a urn:nbn:sk:snk-am002hlr 
035 |a 9810139E-82EF-4507-9E19-5860DCD8212B 
040 |a SNK  |b slo  |c SNK  |e AACR2 
041 0 |a slo 
044 |a xo  |c SK 
080 |a 885.4-1  |2 1981 
100 1 |a Arnoldová, Marianna,  |d 1953-  |4 aut  |9 159647 
245 1 0 |a Druhá strana  |c Marianna Arnoldová 
260 |a Senica  |b RESSPRINT  |c [2000] 
300 |a 77 s.  |c 19 cm 
500 |a Ilustr. na tit. strane 
655 7 |a slovenská poézia  |2 SNK  |9 70444 
919 |a 80-900559-2-3 
954 |a beletria pôvodná (slovenská)  |2 lita 
958 |a TL 
958 |a LX 
999 |c 724176  |d 726106 
952 |t P60, <03>, [BOOK], {603}  |a SNK  |b SNK  |y PREZ  |7 0  |p 17A0251772  |o snkSD 71098  |i snkKSP 9974/2000  |0 0  |1 0  |4 0  |d 2000-09-26  |l 0  |r 2005-01-02 00:00:00  |w 2026-02-23 
952 |t P60, <04>, [BOOK], {604}  |a SNK  |b SNK  |y VYP  |7 0  |p 17A0251773  |o snkSD 71098 D1  |i snkKSP 9975/2000  |0 0  |1 0  |4 0  |d 2000-09-26  |f 1  |l 0  |r 2005-01-02 00:00:00  |w 2026-02-23